000 00437 a2200121 4500
003 Nust
005 20170207154220.0
040 _cNust
082 _a371.33
245 _aBasic Map Reading; Basic Map Reading Part-2; Basic Map Reading Part-3; Basic Map Reading Part-4 (DVD-3)
440 _aBasic Map Reading; Basic Map Reading Part-2; Basic Map Reading Part-3; Basic Map Reading Part-4 (DVD-3)
538 _aDuration Mins 16,12,10&10
650 _aTFC No 9 MR
_c(DVD-3)
999 _c195258
_d195258